Rau's respiratory care pharmacology / (Record no. 120355)

MARC details
000 -LEADER
fixed length control field 00991cam a22002774a 4500
003 - CONTROL NUMBER IDENTIFIER
control field OSt
005 - DATE AND TIME OF LATEST TRANSACTION
control field 20250415095339.0
008 - FIXED-LENGTH DATA ELEMENTS--GENERAL INFORMATION
fixed length control field
020 ## - INTERNATIONAL STANDARD BOOK NUMBER
International Standard Book Number 9780323299688 (paperback )
040 ## - CATALOGING SOURCE
Original cataloging agency NUST
Transcribing agency NUST
Language of cataloging eng
Modifying agency NUST
Description conventions rda
050 ## - LIBRARY OF CONGRESS CALL NUMBER
Classification number RM388 GAR
100 1# - MAIN ENTRY--PERSONAL NAME
Personal name Gardenhire, Douglas S
Relator term Author
245 10 - TITLE STATEMENT
Title Rau's respiratory care pharmacology /
Statement of responsibility, etc. Douglas S Gardenhire.
250 ## - EDITION STATEMENT
Edition statement Ninth edition.
260 ## - PUBLICATION, DISTRIBUTION, ETC.
Place of publication, distribution, etc. St. Louis, Missouri :
Name of publisher, distributor, etc. Elsevier,
Date of publication, distribution, etc. 2016.
300 ## - PHYSICAL DESCRIPTION
Extent xiii, 497 pages :
Other physical details Illustrations ;
Dimensions 28 cm.
336 ## - CONTENT TYPE
Content type term text
Content type code txt
Source rdacontent
337 ## - MEDIA TYPE
Media type term unmediated
Media type code n
Source rdamedia
338 ## - CARRIER TYPE
Carrier type term volume
Carrier type code nc
Source rdacarrier
504 ## - BIBLIOGRAPHY, ETC. NOTE
Bibliography, etc. note Includes bibliographical references and index.
650 #0 - SUBJECT ADDED ENTRY--TOPICAL TERM
Form subdivision Respiratory agents.
650 #0 - SUBJECT ADDED ENTRY--TOPICAL TERM
Form subdivision Respiratory therapy.
650 #0 - SUBJECT ADDED ENTRY--TOPICAL TERM
Form subdivision Respiratory system agents -- pharmacology.
650 #0 - SUBJECT ADDED ENTRY--TOPICAL TERM
Form subdivision Respiratory tract diseases -- drug therapy.
942 ## - ADDED ENTRY ELEMENTS (KOHA)
Koha item type Ordinary Loan Books
Call number prefix RM
Call number suffix GAR
Source of classification or shelving scheme Library of Congress Classification
Edition Ninth edition.
Classification part RM388 GAR
Suppress in OPAC No
Holdings
Withdrawn status Lost status Source of classification or shelving scheme Damaged status Not for loan Collection Home library Current library Shelving location Date acquired Cost, normal purchase price Total Checkouts Full call number Barcode Date last seen Cost, replacement price Price effective from Koha item type Source of acquisition Accession number Public note
    LCC     NFIC MEDICAL MEDICAL GEN 04/15/2025 30.00   RM388 GAR 92004057091 04/15/2025 30.00 04/15/2025 BOOKS Book Aid International 63037 Donation
    lcc     NFIC Medical Medical GEN 01/20/2023 80.00   RM388 GAR 92004048264 01/20/2023 80.00 01/20/2023 BOOKS